| 000 | 00522nam a2200193Ia 4500 | ||
|---|---|---|---|
| 008 | 191130s2007##################000#0#eng## | ||
| 020 | _a9780072950564 | ||
| 040 |
_aACL _cACL |
||
| 082 | _a780.15 MCG | ||
| 100 | _aKamien, Roger | ||
| 245 |
_aMusic : study guide to accompany music an appreciation _cRoger Kamien |
||
| 250 | _a8th ed | ||
| 260 |
_aNew York _bMcGraw hill primis _c2007 |
||
| 300 | _aiv, 196 p | ||
| 650 | _aMusic | ||
| 990 | _aabed7629ac10000c72e865a255b348f2 | ||
| 991 | _a344710 | ||
| 999 |
_c16726 _d16726 |
||